000 00526nam a2200181 4500
001 139095
003 ES-MaACL
005 20230906195712.0
007 t|
008 070214s1966 sp r ||||1| spa d
100 1 _aSaraux, H.
_9103775
245 1 0 _aOftalmología fundamental /
_cH. Saraux ; versión de F. Loscos Piñol.
250 _a1ª. ed.
260 _aBarcelona :
_bToray Masson,
_c1966.
300 _aXII, 204 p. :
_bil. ;
_c22 cm.
700 1 _aLoscos Piñol, F.
_974276
852 _aES-MaACL
_jC-30742
_bR.60289
999 _c139095
_d139095